<?xml version="1.0" encoding="UTF-8"?>
<record
    xmlns:xsi="http://www.w3.org/2001/XMLSchema-instance"
    xsi:schemaLocation="http://www.loc.gov/MARC21/slim http://www.loc.gov/standards/marcxml/schema/MARC21slim.xsd"
    xmlns="http://www.loc.gov/MARC21/slim">

  <leader>01943nam0a2200337 i 4500</leader>
  <controlfield tag="001">RU\NLR\BIBL_A\010410103</controlfield>
  <controlfield tag="005">20260407150440.0</controlfield>
  <datafield tag="010" ind1=" " ind2=" ">
    <subfield code="a">9785951502438</subfield>
    <subfield code="9">500</subfield>
  </datafield>
  <datafield tag="021" ind1=" " ind2=" ">
    <subfield code="a">RU</subfield>
    <subfield code="b">2014-30421</subfield>
    <subfield code="9">1866</subfield>
  </datafield>
  <datafield tag="035" ind1=" " ind2=" ">
    <subfield code="a">(NILC)RuMoRGB-007211616</subfield>
  </datafield>
  <datafield tag="035" ind1=" " ind2=" ">
    <subfield code="a">(NLR Aleph) 010410103</subfield>
  </datafield>
  <datafield tag="090" ind1=" " ind2=" ">
    <subfield code="a">9751914</subfield>
    <subfield code="c">9751914</subfield>
  </datafield>
  <datafield tag="100" ind1=" " ind2=" ">
    <subfield code="a">20140630d2014    um y0rusy50      ca</subfield>
  </datafield>
  <datafield tag="101" ind1="0" ind2=" ">
    <subfield code="a">rus</subfield>
  </datafield>
  <datafield tag="102" ind1=" " ind2=" ">
    <subfield code="a">RU</subfield>
  </datafield>
  <datafield tag="105" ind1=" " ind2=" ">
    <subfield code="a">ach|z|||000yb</subfield>
  </datafield>
  <datafield tag="200" ind1="1" ind2=" ">
    <subfield code="a">&#x418;&#x441;&#x442;&#x438;&#x43D;&#x43D;&#x44B;&#x439; &#x43F;&#x430;&#x442;&#x440;&#x438;&#x43E;&#x442; &#x420;&#x43E;&#x441;&#x441;&#x438;&#x438; &#x412;&#x438;&#x43A;&#x442;&#x43E;&#x440; &#x41D;&#x438;&#x43A;&#x438;&#x442;&#x43E;&#x432;&#x438;&#x447; &#x41C;&#x438;&#x445;&#x430;&#x439;&#x43B;&#x43E;&#x432;</subfield>
    <subfield code="e">[&#x43A; 80-&#x43B;&#x435;&#x442;&#x438;&#x44E; &#x412;&#x438;&#x43A;&#x442;&#x43E;&#x440;&#x430; &#x41D;&#x438;&#x43A;&#x438;&#x442;&#x43E;&#x432;&#x438;&#x447;&#x430; &#x41C;&#x438;&#x445;&#x430;&#x439;&#x43B;&#x43E;&#x432;&#x430;, &#x430;&#x43A;&#x430;&#x434;&#x435;&#x43C;&#x438;&#x43A;&#x430; &#x420;&#x410;&#x41D; &#x438; &#x420;&#x410;&#x420;&#x410;&#x41D;, &#x434;&#x43E;&#x43A;&#x442;&#x43E;&#x440;&#x430; &#x442;&#x435;&#x445;&#x43D;&#x438;&#x447;&#x435;&#x441;&#x43A;&#x438;&#x445; &#x43D;&#x430;&#x443;&#x43A;, &#x43F;&#x440;&#x43E;&#x444;&#x435;&#x441;&#x441;&#x43E;&#x440;&#x430;, &#x43B;&#x430;&#x443;&#x440;&#x435;&#x430;&#x442;&#x430; &#x41B;&#x435;&#x43D;&#x438;&#x43D;&#x441;&#x43A;&#x43E;&#x439; &#x438; &#x413;&#x43E;&#x441;&#x443;&#x434;&#x430;&#x440;&#x441;&#x442;&#x432;&#x435;&#x43D;&#x43D;&#x43E;&#x439; &#x43F;&#x440;&#x435;&#x43C;&#x438;&#x439; &#x421;&#x421;&#x421;&#x420; &#x438; &#x420;&#x424;]</subfield>
    <subfield code="f">&#x424;&#x413;&#x423;&#x41F; "&#x420;&#x43E;&#x441;. &#x444;&#x435;&#x434;&#x435;&#x440;. &#x44F;&#x434;&#x435;&#x440;. &#x446;&#x435;&#x43D;&#x442;&#x440; - &#x412;&#x441;&#x435;&#x440;&#x43E;&#x441;. &#x41D;&#x418;&#x418; &#x44D;&#x43A;&#x441;&#x43F;&#x435;&#x440;&#x438;&#x43C;&#x435;&#x43D;&#x442;. &#x444;&#x438;&#x437;&#x438;&#x43A;&#x438;"</subfield>
    <subfield code="g">[&#x441;&#x43E;&#x441;&#x442;.: &#x41E;.&#x42E;. &#x421;&#x43C;&#x438;&#x440;&#x43D;&#x43E;&#x432;&#x430;]</subfield>
  </datafield>
  <datafield tag="210" ind1=" " ind2=" ">
    <subfield code="a">&#x421;&#x430;&#x440;&#x43E;&#x432;</subfield>
    <subfield code="c">&#x420;&#x424;&#x42F;&#x426;-&#x412;&#x41D;&#x418;&#x418;&#x42D;&#x424;</subfield>
    <subfield code="d">2014</subfield>
  </datafield>
  <datafield tag="215" ind1=" " ind2=" ">
    <subfield code="a">109 &#x441;.</subfield>
    <subfield code="c">&#x438;&#x43B;., &#x446;&#x432;. &#x438;&#x43B;., &#x43F;&#x43E;&#x440;&#x442;&#x440;., &#x444;&#x430;&#x43A;&#x441;.</subfield>
    <subfield code="d">29</subfield>
  </datafield>
  <datafield tag="320" ind1=" " ind2=" ">
    <subfield code="a">&#x411;&#x438;&#x431;&#x43B;&#x438;&#x43E;&#x433;&#x440;.: &#x441;. 109 (11 &#x43D;&#x430;&#x437;&#x432;.)</subfield>
  </datafield>
  <datafield tag="333" ind1=" " ind2=" ">
    <subfield code="a">12+</subfield>
  </datafield>
  <datafield tag="600" ind1=" " ind2="1">
    <subfield code="a">&#x41C;&#x438;&#x445;&#x430;&#x439;&#x43B;&#x43E;&#x432;</subfield>
    <subfield code="b">&#x412;&#x438;&#x43A;&#x442;&#x43E;&#x440; &#x41D;&#x438;&#x43A;&#x438;&#x442;&#x43E;&#x432;&#x438;&#x447;</subfield>
    <subfield code="f">1934 - 2011</subfield>
    <subfield code="g">&#x412;. &#x41D;.</subfield>
    <subfield code="9">2192953</subfield>
    <subfield code="3">RU\NLR\AUTH\6601553749</subfield>
  </datafield>
  <datafield tag="686" ind1="1" ind2=" ">
    <subfield code="a">&#x412;38&#x434;(2)&#x41C;&#x438;&#x445;&#x430;&#x439;&#x43B;&#x43E;&#x432;</subfield>
  </datafield>
  <datafield tag="702" ind1=" " ind2="1">
    <subfield code="4">220</subfield>
    <subfield code="8">rus</subfield>
    <subfield code="7">ca</subfield>
    <subfield code="a">&#x421;&#x43C;&#x438;&#x440;&#x43D;&#x43E;&#x432;&#x430;</subfield>
    <subfield code="b">&#x41E;. &#x42E;.</subfield>
    <subfield code="c">&#x43A;&#x430;&#x43D;&#x434;. &#x444;&#x438;&#x43B;&#x43E;&#x441;. &#x43D;&#x430;&#x443;&#x43A;</subfield>
    <subfield code="g">&#x41E;&#x43B;&#x44C;&#x433;&#x430; &#x42E;&#x440;&#x44C;&#x435;&#x432;&#x43D;&#x430;</subfield>
    <subfield code="3">RU\NLR\AUTH\7731087</subfield>
    <subfield code="9">14100</subfield>
  </datafield>
  <datafield tag="702" ind1=" " ind2="1">
    <subfield code="4">570</subfield>
    <subfield code="8">rus</subfield>
    <subfield code="7">ca</subfield>
    <subfield code="a">&#x41C;&#x438;&#x445;&#x430;&#x439;&#x43B;&#x43E;&#x432;</subfield>
    <subfield code="b">&#x412;. &#x41D;.</subfield>
    <subfield code="c">&#x434;-&#x440; &#x442;&#x435;&#x445;&#x43D;. &#x43D;&#x430;&#x443;&#x43A;, &#x444;&#x438;&#x437;&#x438;&#x43A;-&#x44F;&#x434;&#x435;&#x440;&#x449;&#x438;&#x43A;</subfield>
    <subfield code="f">1934-2011</subfield>
    <subfield code="g">&#x412;&#x438;&#x43A;&#x442;&#x43E;&#x440; &#x41D;&#x438;&#x43A;&#x438;&#x442;&#x43E;&#x432;&#x438;&#x447;</subfield>
    <subfield code="3">RU\NLR\AUTH\7760560</subfield>
    <subfield code="9">43491</subfield>
  </datafield>
  <datafield tag="712" ind1="0" ind2="2">
    <subfield code="4">570</subfield>
    <subfield code="a">&#x412;&#x441;&#x435;&#x440;&#x43E;&#x441;&#x441;&#x438;&#x439;&#x441;&#x43A;&#x438;&#x439; &#x41D;&#x418;&#x418; &#x44D;&#x43A;&#x441;&#x43F;&#x435;&#x440;&#x438;&#x43C;&#x435;&#x43D;&#x442;&#x430;&#x43B;&#x44C;&#x43D;&#x43E;&#x439; &#x444;&#x438;&#x437;&#x438;&#x43A;&#x438;</subfield>
    <subfield code="c">&#x421;&#x430;&#x440;&#x43E;&#x432;</subfield>
    <subfield code="3">RU\NLR\AUTH\8810024997</subfield>
    <subfield code="9">548243</subfield>
  </datafield>
  <datafield tag="801" ind1=" " ind2="0">
    <subfield code="a">RU</subfield>
    <subfield code="b">&#x420;&#x413;&#x411;</subfield>
    <subfield code="c">20140429</subfield>
    <subfield code="g">RCR</subfield>
  </datafield>
  <datafield tag="942" ind1=" " ind2=" ">
    <subfield code="c">BOOK</subfield>
  </datafield>
  <datafield tag="980" ind1=" " ind2=" ">
    <subfield code="a">NBR</subfield>
  </datafield>
</record>
